<?xml version="1.0" encoding="UTF-8"?>
<record
    xmlns:xsi="http://www.w3.org/2001/XMLSchema-instance"
    xsi:schemaLocation="http://www.loc.gov/MARC21/slim http://www.loc.gov/standards/marcxml/schema/MARC21slim.xsd"
    xmlns="http://www.loc.gov/MARC21/slim">

  <leader>00279nam a22001095i 4500</leader>
  <datafield tag="020" ind1=" " ind2=" ">
    <subfield code="a">9781547188956</subfield>
  </datafield>
  <datafield tag="040" ind1=" " ind2=" ">
    <subfield code="c">DLC</subfield>
  </datafield>
  <datafield tag="082" ind1=" " ind2=" ">
    <subfield code="a">658 PAN 1982 A051 Or.</subfield>
  </datafield>
  <datafield tag="245" ind1="0" ind2="0">
    <subfield code="a">10 investment biases that fried my nest eggs :</subfield>
    <subfield code="b">but i still made $900,000 /</subfield>
  </datafield>
  <datafield tag="300" ind1=" " ind2=" ">
    <subfield code="a">pages cm</subfield>
  </datafield>
  <datafield tag="942" ind1=" " ind2=" ">
    <subfield code="c">EK</subfield>
  </datafield>
  <datafield tag="999" ind1=" " ind2=" ">
    <subfield code="c">14654</subfield>
    <subfield code="d">14654</subfield>
  </datafield>
  <datafield tag="952" ind1=" " ind2=" ">
    <subfield code="0">0</subfield>
    <subfield code="1">0</subfield>
    <subfield code="4">0</subfield>
    <subfield code="6">658_000000000000000_PAN_1982_A051_OR</subfield>
    <subfield code="7">0</subfield>
    <subfield code="9">67036</subfield>
    <subfield code="a">LBA</subfield>
    <subfield code="b">LBA</subfield>
    <subfield code="c">A051</subfield>
    <subfield code="d">2017-10-24</subfield>
    <subfield code="o">658 PAN 1982 A051 Or.</subfield>
    <subfield code="p">A06641</subfield>
    <subfield code="r">2017-10-24</subfield>
    <subfield code="w">2017-10-24</subfield>
    <subfield code="y">EK</subfield>
  </datafield>
</record>
